000 00657nam a2200181Ia 4500
008 090124s9999 xx 000 0 und d
082 _b29085
100 _aटिळेकर चंद्रसेन
245 _a गणकयंत्राचे अंतरंग
250 _a1
260 _bमेहता पब्लिशिंग हाऊस
_c1990
300 _a91
600 _aटिळेकर चंद्रसेन
630 _a गणकयंत्राचे अंतरंग
700 _aटिळेकर चंद्रसेन
730 _a गणकयंत्राचे अंतरंग
942 _cBOOK
999 _c94765
_d94765